Ochrana spotrebiteľa

Úplné znenie zákona č. 634/1992 Zb. O ochrane spotrebiteľa, s výkladom. Vzťah zákona k predaju výrobkov a poskytovaniu služieb v prípadoch, keď k plneniu dochádza na území SR.

Na minha lista:
Detalhes bibliográficos
Autor principal: Szabóová, Eva
Formato: Capítulo de Livro
Idioma:eslovaco
Assuntos:
Tags: Adicionar Tag
Sem tags, seja o primeiro a adicionar uma tag!

MARC

LEADER 00000naa a2200000 4500
001 r032508
005 20230919113832.8
041 0 |a slo 
044 |a SK 
245 1 0 |a Ochrana spotrebiteľa  |c Eva Szabóová 
520 |a Úplné znenie zákona č. 634/1992 Zb. O ochrane spotrebiteľa, s výkladom. Vzťah zákona k predaju výrobkov a poskytovaniu služieb v prípadoch, keď k plneniu dochádza na území SR. 
610 2 0 |a zákony 
610 2 0 |a ochrana spotrebiteľa 
610 2 0 |a predaj 
610 2 0 |a výrobky 
610 2 0 |a služby 
610 2 0 |a Slovensko 
610 2 0 |a 1992 
100 1 |a Szabóová, Eva